| 000 | 00612nam a2200193 i 4500 | ||
|---|---|---|---|
| 001 | 141826 | ||
| 003 | ES-MaACL | ||
| 005 | 20230906200358.0 | ||
| 007 | t| | ||
| 008 | 070928s1963 sp a |||| | spa d | ||
| 100 | 1 |
_aWagner, Robert P. _9115852 |
|
| 245 | 1 | 0 |
_aGenética y metabolismo / _cRobert P. Wagner, Herschel K. Mitchell ; traducción del inglés por Faustino Cordón. |
| 260 |
_aMadrid : _bRevista de Occidente, _c1963. |
||
| 300 |
_a547 p. : _bil. ; _c22 cm. |
||
| 650 | 0 | 4 |
_aGenética. _913057 |
| 650 | 0 | 4 |
_aMetabolismo. _915010 |
| 700 | 1 |
_aCordón, Faustino. _940557 |
|
| 852 |
_aES-MaACL _jC-23831 |
||
| 999 |
_c141826 _d141826 |
||